书目信息 |
| 题名: |
涌现
|
|
| 作者: | 赵永新 著 | |
| 分册: | ||
| 出版信息: | 北京 人民邮电出版社 2024.09 |
|
| 页数: | 214页 | |
| 开本: | 24cm | |
| 丛书名: | ||
| 单 册: | ||
| 中图分类: | TP18 | |
| 科图分类: | ||
| 主题词: | 人工智能--ren gong zhi neng--研究 | |
| 电子资源: | ||
| ISBN: | 978-7-115-64205-9 | |
| 000 | 01052nam0 2200265 450 | |
| 001 | 92359 | |
| 005 | 20250818073752.52 | |
| 010 | @a978-7-115-64205-9@dCNY59.80 | |
| 100 | @a20240918d2024 em y0chiy50 ea | |
| 101 | 0 | @achi |
| 102 | @aCN@b110000 | |
| 105 | @aa a 000yy | |
| 106 | @ar | |
| 200 | 1 | @a涌现@Ayong xian@eAI大模型赋能千行百业@f赵永新著 |
| 210 | @a北京@c人民邮电出版社@d2024.09 | |
| 215 | @a214页@c图@d24cm | |
| 300 | @a异步图书 | |
| 320 | @a有书目 (第213-214页) | |
| 330 | @a本书详细介绍了AI大模型在各个领域的无限潜力和广阔前景。从精准农业的种植建议到智能制造的质量控制和精益生产, 从医疗诊断的精准高效到文化传媒的智能化创新, 从旅游业的个性化服务到教育领域的智能化辅助, 从零售业的创新应用到交通运输业的智能化变革, AI大模型正在深度融入并引领各领域和行业的数字化转型。 | |
| 517 | 1 | @aAI大模型赋能千行百业@AAI da mo xing fu neng qian xing bai ye |
| 606 | 0 | @a人工智能@Aren gong zhi neng@x研究 |
| 690 | @aTP18@v5 | |
| 701 | 0 | @a赵永新@Azhao yong xin@4著 |
| 801 | 0 | @aCN@c20250909 |
| 905 | @a河南城建学院图书馆@dTP18@eZ347@f1 | |
| 涌现:AI大模型赋能千行百业/赵永新著.-北京:人民邮电出版社,2024.09 |
| 214页:图;24cm |
| 异步图书 |
| ISBN 978-7-115-64205-9:CNY59.80 |
| 本书详细介绍了AI大模型在各个领域的无限潜力和广阔前景。从精准农业的种植建议到智能制造的质量控制和精益生产, 从医疗诊断的精准高效到文化传媒的智能化创新, 从旅游业的个性化服务到教育领域的智能化辅助, 从零售业的创新应用到交通运输业的智能化变革, AI大模型正在深度融入并引领各领域和行业的数字化转型。 |
| ● |
| 相关链接 |
|
|
|
正题名:涌现
索取号:TP18/Z347
 
预约/预借
| 序号 | 登录号 | 条形码 | 馆藏地/架位号 | 状态 | 备注 |
| 1 | 1626323 | 216263237 | 自科库301/301自科库 102排6列4层/ [索取号:TP18/Z347] | 在馆 |